00429nam a2200133 4500008004100000100002400041245013000065260000900195300001300204650001700217650002000234700001700254773002400271190506b ||||| |||| 00| 0 eng d aBeegom R.K., Bushra aFrom human ecology to impoverishment risks: a critical analysis of the two major theories of development induced displacement c2018 ap.59-72. aDisplacement aRehabilitation  aSamseer R.H. aMan and Development